German Field Marshals (World War II) - Statistics

General Stats
  • This quiz has been taken 317 times
  • The average score is 12 of 26
Answer Stats
Date of Promotion Hint Answer % Correct
1942 Desert Fox, indirectly involved with the July 20 plot. Erwin Rommel
99%
1938 Great War flying Ace, promoted to Reichsmarshal Hermann Göring
92%
1942 Famous for the creation of the Fall Gelb plan, indirectly involved with the July 20 plot Erich von Manstein
82%
1943 Promoted so he would kill himself to evade capture. Friedrich Paulus
72%
1940 Commander of the OKW Wilhelm Keitel
72%
1940 Commander of Army Group Center during the initial stages of operation Barbarossa, indirectly involved with July 20 plot Fedor von Bock
67%
1940 Luftwaffe Reichsmarshal, commanded forces in Italy for a short time. Albert Kesselring
66%
1940 Involved indirectly in the July 20 plot Gerd von Rundstedt
64%
1944 Defence Expert, Nazi Sympathiser Walter Model
63%
1940 One of the older Generals, bribed for loyalty to the Nazi Party Wilhelm Ritter von Leeb
53%
1940 Involved indirectly in the July 20 plot. Günther von Kluge
50%
1943 Oppointed head of Case Blue in the final days of the operation. Died in 1971 in a Soviet Prison Paul von Kleist
43%
1936 Forced to resign due to a scandal Werner von Blomberg
42%
1945 Nazi sympathiser, not well known Ferdinand Schörner
41%
1945 Not well known, Luftwaffe General, Commander in Chief of the Luftwaffe after Hermann Göring was dismissed for treason Robert Ritter von Greim
35%
1940 Diehard Nazi Walther von Reichenau
34%
1940 Directly involved with the July 20 plot Erwin von Witzleben
33%
1940 Fired after the failure of operation Typhoon. Walther von Brauchitsch
32%
1940 Not well known, died 1971 Wilhelm List
32%
1943 Luftwaffe General Wolfram Freiherr von Richthofen
31%
1940 May have been involved in the July 20 plot, Luftwaffe General Hugo Sperrle
29%
1943 Cavalry expert Maximilian von Weichs
29%
1942 Nazi sympathiser Georg von Küchler
25%
1940 Luftwaffe General Erhard Milch
23%
1943 Not well known, died as a POW in Britain in 1945. Ernst Busch
20%
1940 Not well known, older. Eduard von Böhm-Ermolli
17%
No matching quizzes found
Score Distribution
Percent of People with Each Score
Percentile by Number Answered
Your Score History
You have not taken this quiz